[Event "Oberliga Ost-B 1415"]
[Site "Germany"]
[Date "2014.11.09"]
[Round "4.7"]
[White "Bunke, Wilfried"]
[Black "Schwenkreis, Thomas"]
[Result "1/2-1/2"]
[WhiteElo "2038"]
[BlackElo "2169"]
[PlyCount "121"]
[EventDate "2014.09.21"]
[EventType "team-tourn"]
[EventRounds "11"]
[EventCountry "GER"]
[SourceTitle "EXT 2016"]
[Source "ChessBase"]
[SourceDate "2015.10.08"]
[SourceVersion "1"]
[SourceVersionDate "2015.10.08"]
[SourceQuality "1"]
[WhiteTeam "Jena Schott"]
[BlackTeam "Frankfurt BvK"]
[WhiteTeamCountry "GER"]
[BlackTeamCountry "GER"]

1. d4 Nf6 2. c4 d6 3. Nc3 Nbd7 4. e4 e5 5. Nf3 Be7 6. Be2 0-0 7. 0-0 Re8 8. dxe5 dxe5 9. Qc2 c6 10. Be3 Qc7 11. a3 a5 12. Rfd1 Ng4 13. Bd2 Bc5 14. Be1 Qb6 15. Bf1 Qa7 16. h3 Ngf6 17. b4 Bd4 18. Rab1 Nf8 19. c5 axb4 20. axb4 b6 21. cxb6 Qxb6 22. Na4 Qa7 23. Nxd4 exd4 24. Nc5 Ne6 25. f3 Nd7 26. Bf2 Ndxc5 27. bxc5 Rd8 28. Rb6 Qc7 29. Bc4 Ra5 30. Bxe6 Bxe6 31. Rxd4 Rda8 32. Rd1 h6 33. Rb2 Qe5 34. Qd2 Ra3 35. Qd4 Qg5 36. Qd2 Qg6 37. Kh2 Bb3 38. Rdb1 Ra2 39. Qd4 Be6 40. Rxa2 Bxa2 41. Ra1 Qe6 42. Qd6 Qe8 43. Rd1 Bc4 44. Rd2 Bb5 45. Bg3 Rc8 46. Rd4 Ra8 47. Bf4 Kh7 48. Bd2 Ra2 49. f4 Rc2 50. f5 Rc4 51. Rxc4 Bxc4 52. e5 Bd5 53. f6 gxf6 54. Qxf6 Qe6 55. g4 Qxf6 56. exf6 Kg6 57. Bc3 h5 58. gxh5+ Kxh5 59. Kg3 Be6 60. h4 Bd5 61. Bd2 1/2-1/2

[Event "Oberliga Ost-B 1415"]
[Site "Germany"]
[Date "2014.10.19"]
[Round "3.6"]
[White "Hahn, Markus"]
[Black "Bunke, Wilfried"]
[Result "0-1"]
[WhiteElo "2221"]
[BlackElo "2038"]
[PlyCount "82"]
[EventDate "2014.09.21"]
[EventType "team-tourn"]
[EventRounds "11"]
[EventCountry "GER"]
[SourceTitle "EXT 2016"]
[Source "ChessBase"]
[SourceDate "2015.10.08"]
[SourceVersion "1"]
[SourceVersionDate "2015.10.08"]
[SourceQuality "1"]
[WhiteTeam "Kassel"]
[BlackTeam "Jena Schott"]
[WhiteTeamCountry "GER"]
[BlackTeamCountry "GER"]

1. d4 Nf6 2. Nf3 e6 3. c4 d5 4. g3 c6 5. Qc2 Be7 6. Bg2 Nbd7 7. 0-0 0-0 8. Nbd2 b6 9. e4 Bb7 10. e5 Ne8 11. cxd5 cxd5 12. Re1 b5 13. Bf1 b4 14. Bd3 g6 15. h4 Ng7 16. Nf1 Rc8 17. Qe2 f5 18. exf6 Nxf6 19. Ng5 Ne4 20. Nxe4 dxe4 21. Bxe4 Bxe4 22. Qxe4 Bf6 23. Be3 Qd5 24. Qg4 a5 25. Nd2 Rc2 26. Rec1 Rfc8 27. Rxc2 Rxc2 28. b3 Nf5 29. Nc4 Nxd4 30. Bxd4 Bxd4 31. Rf1 Rxa2 32. h5 Kg7 33. Qf4 g5 34. Qc7+ Kh6 35. Nd6 Qf3 36. Nf7+ Kxh5 37. Kh2 Rxf2+ 38. Rxf2 Qxf2+ 39. Kh3 Qf1+ 40. Kh2 Qg1+ 41. Kh3 Qh1# 0-1

[Event "Oberliga Ost-B 1112"]
[Site "Germany"]
[Date "2012.04.15"]
[Round "11.7"]
[White "Bunke, Wilfried"]
[Black "Hoehn, Michael"]
[Result "1/2-1/2"]
[WhiteElo "2090"]
[BlackElo "2107"]
[PlyCount "23"]
[EventDate "2011.10.02"]
[EventType "team-tourn"]
[EventRounds "11"]
[EventCountry "GER"]
[SourceTitle "EXT 2013"]
[Source "ChessBase"]
[SourceDate "2012.11.22"]
[SourceVersion "1"]
[SourceVersionDate "2012.11.22"]
[SourceQuality "1"]
[WhiteTeam "Jena Schott"]
[BlackTeam "Offenbach"]
[WhiteTeamCountry "GER"]
[BlackTeamCountry "GER"]

1. d4 Nf6 2. c4 g6 3. Nc3 d5 4. cxd5 Nxd5 5. e4 Nxc3 6. bxc3 Bg7 7. Bc4 0-0 8. Ne2 c5 9. 0-0 Nc6 10. Be3 cxd4 11. cxd4 e6 12. Rc1 1/2-1/2

[Event "Oberliga Ost-B 1112"]
[Site "Germany"]
[Date "2012.02.26"]
[Round "8.8"]
[White "Biegel, Thomas"]
[Black "Bunke, Wilfried"]
[Result "1-0"]
[WhiteElo "2039"]
[BlackElo "2090"]
[PlyCount "91"]
[EventDate "2011.10.02"]
[EventType "team-tourn"]
[EventRounds "11"]
[EventCountry "GER"]
[SourceTitle "EXT 2013"]
[Source "ChessBase"]
[SourceDate "2012.11.22"]
[SourceVersion "1"]
[SourceVersionDate "2012.11.22"]
[SourceQuality "1"]
[WhiteTeam "Steinbach"]
[BlackTeam "Jena Schott"]
[WhiteTeamCountry "GER"]
[BlackTeamCountry "GER"]

1. d4 Nf6 2. c4 e6 3. g3 d5 4. Bg2 Be7 5. Nf3 0-0 6. 0-0 c6 7. Nbd2 b6 8. Qc2 Bb7 9. e4 dxc4 10. Nxc4 c5 11. e5 Nd5 12. dxc5 bxc5 13. Qe4 Qc7 14. Qg4 f5 15. exf6 Rxf6 16. Nfe5 Nc6 17. Re1 Raf8 18. Nxc6 Bxc6 19. Bg5 Rg6 20. Ne5 Rxg5 21. Qxe6+ Kh8 22. Nxc6 Rf6 23. Qe2 Rxc6 24. Bxd5 Rxd5 25. Qxe7 Qxe7 26. Rxe7 h6 27. Rxa7 c4 28. Rb7 c3 29. bxc3 Rxc3 30. Rb3 Rc4 31. Re1 Ra4 32. a3 Rda5 33. Ree3 Ra7 34. Kg2 Kh7 35. h4 g6 36. Kf3 Kg7 37. Ke2 Kf6 38. Rb6+ Kf7 39. Ree6 Rxa3 40. Rf6+ Ke7 41. Rbe6+ Kd7 42. Rxg6 Ra2+ 43. Kf1 h5 44. Re5 R7a3 45. Rxh5 Rf3 46. Rh7+ 1-0

[Event "Oberliga Ost-B 1112"]
[Site "Germany"]
[Date "2011.10.23"]
[Round "3.5"]
[White "Knickel, Aaron"]
[Black "Bunke, Wilfried"]
[Result "1-0"]
[WhiteElo "2159"]
[BlackElo "2090"]
[PlyCount "109"]
[EventDate "2011.10.02"]
[EventType "team-tourn"]
[EventRounds "11"]
[EventCountry "GER"]
[SourceTitle "EXT 2013"]
[Source "ChessBase"]
[SourceDate "2012.11.22"]
[SourceVersion "1"]
[SourceVersionDate "2012.11.22"]
[SourceQuality "1"]
[WhiteTeam "Neuberg"]
[BlackTeam "Jena Schott"]
[WhiteTeamCountry "GER"]
[BlackTeamCountry "GER"]

1. Nf3 d5 2. g3 Nf6 3. Bg2 e6 4. d3 b6 5. 0-0 Bb7 6. c4 dxc4 7. dxc4 Qxd1 8. Rxd1 Nbd7 9. b3 0-0-0 10. Ne5 Bxg2 11. Nxf7 Bc6 12. Nxh8 Bc5 13. Nf7 Rf8 14. b4 Bxb4 15. Ng5 Ng4 16. f3 Bc5+ 17. Kg2 Re8 18. Nc3 Ndf6 19. Nb5 Kb8 20. Nd4 Ba4 21. Nb3 Ne3+ 22. Bxe3 Bxe3 23. Nh3 e5 24. Rd3 Bh6 25. e4 g5 26. Nf2 Bc6 27. h3 Rf8 28. Rad1 Rf7 29. Nd2 Bf8 30. Nf1 Bc5 31. Ne3 h5 32. Rd8+ Kb7 33. R1d3 g4 34. hxg4 hxg4 35. Nexg4 Bd6 36. Nxf6 Rxf6 37. Ng4 Rg6 38. Ne3 Ba4 39. Nf5 Bc5 40. R3d5 Re6 41. g4 Bc6 42. Rd1 Ba4 43. Rh1 b5 44. cxb5 Rb6 45. Rhh8 Bxb5 46. Rb8+ Kc6 47. Rxb6+ Bxb6 48. g5 Bc4 49. g6 Bxa2 50. Ne7+ Kd6 51. Nd5 Bxd5 52. exd5 e4 53. g7 exf3+ 54. Kxf3 Bd4 55. g8Q 1-0

[Event "Oberliga Ost-B 1112"]
[Site "Germany"]
[Date "2011.10.02"]
[Round "1.7"]
[White "Rueger, Erhard"]
[Black "Bunke, Wilfried"]
[Result "1-0"]
[WhiteElo "2186"]
[BlackElo "2090"]
[PlyCount "73"]
[EventDate "2011.10.02"]
[EventType "team-tourn"]
[EventRounds "11"]
[EventCountry "GER"]
[SourceTitle "EXT 2013"]
[Source "ChessBase"]
[SourceDate "2012.11.22"]
[SourceVersion "1"]
[SourceVersionDate "2012.11.22"]
[SourceQuality "1"]
[WhiteTeam "Frankfurt BvK"]
[BlackTeam "Jena Schott"]
[WhiteTeamCountry "GER"]
[BlackTeamCountry "GER"]

1. Nf3 Nf6 2. g3 d5 3. Bg2 e6 4. 0-0 Be7 5. c4 c6 6. d4 0-0 7. Qc2 b6 8. Bf4 Bb7 9. Rd1 Nbd7 10. Nbd2 Rc8 11. e4 c5 12. exd5 exd5 13. dxc5 Bxc5 14. Nb3 Bb4 15. Ne5 Re8 16. Qf5 g6 17. Nxf7 Kxf7 18. Qg5 Rxc4 19. Rxd5 Qe7 20. Rad1 Bxd5 21. Bxd5+ Nxd5 22. Qxd5+ Qe6 23. Qxd7+ Qxd7 24. Rxd7+ Re7 25. Rd3 Rc2 26. Nd4 Rxb2 27. Rf3 Kg7 28. Nc6 Rb1+ 29. Kg2 Rf7 30. Nd8 Rf5 31. g4 Rd5 32. Nc6 Bd6 33. Be3 Bc5 34. Bf4 Bd6 35. Be3 Rbd1 36. Nd8 Be5 37. Ne6+ 1-0

[Event "Oberliga Ost-A 1011"]
[Site "Germany"]
[Date "2011.04.09"]
[Round "10.8"]
[White "Bunke, Wilfried"]
[Black "Jaehn, Michael"]
[Result "1-0"]
[WhiteElo "2036"]
[BlackElo "1982"]
[PlyCount "67"]
[EventDate "2010.10.24"]
[EventType "team-tourn"]
[EventRounds "11"]
[EventCountry "GER"]
[SourceTitle "EXT 2012"]
[Source "ChessBase"]
[SourceDate "2011.11.24"]
[SourceVersion "1"]
[SourceVersionDate "2011.11.24"]
[SourceQuality "1"]
[WhiteTeam "Jena Schott"]
[BlackTeam "Leipzig VfB"]
[WhiteTeamCountry "GER"]
[BlackTeamCountry "GER"]

1. d4 Nf6 2. c4 c5 3. d5 e6 4. Nc3 exd5 5. cxd5 d6 6. e4 g6 7. f4 Bg7 8. Nf3 0-0 9. Be2 Re8 10. e5 dxe5 11. fxe5 Ng4 12. Bg5 Qa5 13. 0-0 Nxe5 14. d6 Be6 15. Nd5 Nbd7 16. Nc7 Nxf3+ 17. Bxf3 Bd4+ 18. Kh1 Bc4 19. Bd5 Bxd5 20. Nxd5 Re5 21. Qf3 f5 22. Ne7+ Rxe7 23. Bxe7 Qb6 24. Qd5+ Kg7 25. Rfe1 Qxb2 26. Rab1 Qc3 27. Bh4 Kh6 28. Qe6 Ne5 29. Bg3 Ng4 30. Bf4+ Kh5 31. Qe2 Kh4 32. Bg3+ Kh5 33. Rb3 Qa5 34. h3 1-0

[Event "Oberliga Ost-A 1011"]
[Site "Germany"]
[Date "2011.02.05"]
[Round "6.6"]
[White "Kuna, Ralf Michael"]
[Black "Bunke, Wilfried"]
[Result "1-0"]
[WhiteElo "2123"]
[BlackElo "2036"]
[PlyCount "86"]
[EventDate "2010.10.24"]
[EventType "team-tourn"]
[EventRounds "11"]
[EventCountry "GER"]
[SourceTitle "EXT 2012"]
[Source "ChessBase"]
[SourceDate "2011.11.24"]
[SourceVersion "1"]
[SourceVersionDate "2011.11.24"]
[SourceQuality "1"]
[WhiteTeam "Magdeburg Rochade"]
[BlackTeam "Jena Schott"]
[WhiteTeamCountry "GER"]
[BlackTeamCountry "GER"]

1. e4 e6 2. d4 d5 3. Nc3 dxe4 4. Nxe4 Nd7 5. Bd3 Ngf6 6. Qe2 c5 7. Nf3 Nxe4 8. Bxe4 Be7 9. 0-0 0-0 10. Rd1 Qb6 11. c3 cxd4 12. cxd4 Nf6 13. Bd3 Bd7 14. Be3 Nd5 15. Ne5 Rad8 16. Rac1 a6 17. a3 Bf6 18. Nc4 Qa7 19. Be4 Bc6 20. Qc2 h6 21. Na5 Nxe3 22. fxe3 Bxe4 23. Qxe4 Rd5 24. b4 Qb6 25. Rc5 Rfd8 26. Rdc1 Be7 27. Rc7 Rxd4 28. Qxb7 Rd1+ 29. Kf2 R8d2+ 30. Kf3 Qxe3+ 31. Kxe3 Bg5+ 32. Kf3 Rd3+ 33. Kg4 Rd4+ 34. Kh3 Rh4+ 35. Kg3 Rd3+ 36. Qf3 Rxf3+ 37. gxf3 f5 38. R1c4 f4+ 39. Kg2 Bf6 40. Re4 Rh5 41. Rxf4 Be5 42. Rc8+ Kh7 43. Rcf8 Bxf4 1-0

[Event "Oberliga Ost-A 1011"]
[Site "Germany"]
[Date "2011.01.16"]
[Round "5.8"]
[White "Bunke, Wilfried"]
[Black "Brechlin, Olaf"]
[Result "1/2-1/2"]
[WhiteElo "2036"]
[BlackElo "2056"]
[PlyCount "50"]
[EventDate "2010.10.24"]
[EventType "team-tourn"]
[EventRounds "11"]
[EventCountry "GER"]
[SourceTitle "EXT 2012"]
[Source "ChessBase"]
[SourceDate "2011.11.24"]
[SourceVersion "1"]
[SourceVersionDate "2011.11.24"]
[SourceQuality "1"]
[WhiteTeam "Jena Schott"]
[BlackTeam "Hoyerswerda"]
[WhiteTeamCountry "GER"]
[BlackTeamCountry "GER"]

1. d4 d5 2. c4 Nc6 3. Nf3 Bg4 4. Nc3 e6 5. cxd5 Bxf3 6. exf3 exd5 7. Bb5 Bb4 8. Qa4 Bxc3+ 9. bxc3 Nge7 10. Ba3 0-0 11. Bxc6 bxc6 12. 0-0 Re8 13. Rfe1 g6 14. Bxe7 Rxe7 15. Qxc6 Qe8 16. Qxe8+ Raxe8 17. Rxe7 Rxe7 18. Kf1 Re6 19. Rc1 Kf8 20. Rb1 Ra6 21. Rb2 Ra3 22. Rc2 Ke7 23. Ke2 Kd6 24. f4 c5 25. g4 cxd4 1/2-1/2

[Event "Oberliga Ost-A 1011"]
[Site "Germany"]
[Date "2010.11.14"]
[Round "3.7"]
[White "Puls, Thomas"]
[Black "Bunke, Wilfried"]
[Result "0-1"]
[WhiteElo "2215"]
[BlackElo "2036"]
[PlyCount "80"]
[EventDate "2010.10.24"]
[EventType "team-tourn"]
[EventRounds "11"]
[EventCountry "GER"]
[SourceTitle "EXT 2012"]
[Source "ChessBase"]
[SourceDate "2011.11.24"]
[SourceVersion "1"]
[SourceVersionDate "2011.11.24"]
[SourceQuality "1"]
[WhiteTeam "Halle USV"]
[BlackTeam "Jena Schott"]
[WhiteTeamCountry "GER"]
[BlackTeamCountry "GER"]

1. f4 d5 2. Nf3 Nf6 3. e3 g6 4. b4 Bg7 5. Bb2 0-0 6. Be2 a5 7. b5 Nbd7 8. 0-0 Nc5 9. Na3 c6 10. Rb1 Bg4 11. Ne5 Bxe2 12. Qxe2 Qd6 13. c4 Na4 14. Bc1 Ne4 15. Qd1 Nac5 16. Bb2 f6 17. Nf3 Nd3 18. Qc2 Nb4 19. Qb3 Nc5 20. Qd1 Nxa2 21. d4 Ne4 22. Qb3 Nb4 23. c5 Qd7 24. b6 g5 25. Bc3 Ra6 26. Ra1 Rfa8 27. Be1 Qe6 28. Nb1 Qg4 29. g3 h5 30. Nbd2 Nxd2 31. Bxd2 h4 32. Kf2 hxg3+ 33. hxg3 Qf5 34. Ke2 e5 35. g4 Qe4 36. fxg5 exd4 37. gxf6 Bxf6 38. g5 d3+ 39. Kf2 Bxa1 40. Rxa1 Rf8 0-1

[Event "Oberliga Ost-A 1011"]
[Site "Germany"]
[Date "2010.11.13"]
[Round "2.8"]
[White "Reinemann, Guenter"]
[Black "Bunke, Wilfried"]
[Result "0-1"]
[WhiteElo "1993"]
[BlackElo "2036"]
[PlyCount "74"]
[EventDate "2010.10.24"]
[EventType "team-tourn"]
[EventRounds "11"]
[EventCountry "GER"]
[SourceTitle "EXT 2012"]
[Source "ChessBase"]
[SourceDate "2011.11.24"]
[SourceVersion "1"]
[SourceVersionDate "2011.11.24"]
[SourceQuality "1"]
[WhiteTeam "Halle USV II"]
[BlackTeam "Jena Schott"]
[WhiteTeamCountry "GER"]
[BlackTeamCountry "GER"]

1. e4 e6 2. Ne2 d5 3. exd5 exd5 4. Ng3 Bd6 5. d4 Nf6 6. Bd3 Nc6 7. c3 Ne7 8. Qc2 Be6 9. Bg5 Ng6 10. Nh5 Rg8 11. h3 Be7 12. Nf4 Nxf4 13. Bxf4 h6 14. Nd2 Bd6 15. Bxd6 Qxd6 16. g3 0-0-0 17. 0-0-0 Rge8 18. Nf3 Nd7 19. Nh4 Kb8 20. Kb1 g5 21. Nf5 Bxf5 22. Bxf5 Re7 23. Rhe1 Rde8 24. Rxe7 Qxe7 25. Bd3 Nf6 26. b3 Qe6 27. g4 Qd6 28. Rg1 Qf4 29. Rg3 Re1+ 30. Kb2 Ne4 31. Bxe4 dxe4 32. b4 Rf1 33. Re3 Rxf2 34. Re2 e3 35. Kb3 a6 36. Qd3 Rxe2 37. Qxe2 Qf2 0-1

[Event "Oberliga Ost-A 1011"]
[Site "Germany"]
[Date "2010.10.24"]
[Round "1.8"]
[White "Gempe, Anet"]
[Black "Bunke, Wilfried"]
[Result "1/2-1/2"]
[WhiteElo "2040"]
[BlackElo "2036"]
[PlyCount "23"]
[EventDate "2010.10.24"]
[EventType "team-tourn"]
[EventRounds "11"]
[EventCountry "GER"]
[SourceTitle "EXT 2012"]
[Source "ChessBase"]
[SourceDate "2011.11.24"]
[SourceVersion "1"]
[SourceVersionDate "2011.11.24"]
[SourceQuality "1"]
[WhiteTeam "Leipzig Gohlis"]
[BlackTeam "Jena Schott"]
[WhiteTeamCountry "GER"]
[BlackTeamCountry "GER"]

1. e4 e6 2. d4 d5 3. Nd2 dxe4 4. Nxe4 Nd7 5. Nf3 Ngf6 6. Bd3 Nxe4 7. Bxe4 Nf6 8. Bd3 c5 9. dxc5 Bxc5 10. 0-0 0-0 11. Bg5 Qc7 12. Bxf6 1/2-1/2

[Event "Oberliga Ost-B 0405"]
[Site "Germany"]
[Date "2005.04.09"]
[Round "10.5"]
[White "Bunke, Wilfried"]
[Black "Enneper, Eckhard"]
[Result "1-0"]
[WhiteElo "1921"]
[BlackElo "2211"]
[PlyCount "89"]
[EventDate "2004.10.10"]
[EventType "team-tourn"]
[EventRounds "11"]
[EventCountry "GER"]
[SourceTitle "EXT 2006"]
[Source "ChessBase"]
[SourceDate "2005.11.24"]
[SourceVersion "1"]
[SourceVersionDate "2005.11.24"]
[SourceQuality "1"]
[WhiteTeam "Jena Glas"]
[BlackTeam "Offenbach"]
[WhiteTeamCountry "GER"]
[BlackTeamCountry "GER"]

1. d4 Nf6 2. c4 c5 3. d5 e6 4. Nc3 exd5 5. cxd5 d6 6. e4 g6 7. f4 Bg7 8. Nf3 0-0 9. Be2 Re8 10. e5 dxe5 11. fxe5 Ng4 12. Bg5 Qb6 13. 0-0 Nxe5 14. Nxe5 Bxe5 15. Bc4 Qb4 16. Qb3 Qxb3 17. axb3 Bf5 18. Nb5 a6 19. d6 Nc6 20. Nc7 Bxd6 21. Nxa8 Rxa8 22. g4 Be6 23. Bxe6 fxe6 24. Rae1 Nd4 25. Bf6 Re8 26. Bxd4 cxd4 27. Rf6 Bc5 28. Rfxe6 d3+ 29. Kg2 Rxe6 30. Rxe6 Kf7 31. Re5 d2 32. Rd5 Bb4 33. Kf3 Ke6 34. Rd3 Ke5 35. h3 h5 36. gxh5 gxh5 37. Ke2 a5 38. Rd7 Kf4 39. Rg7 b6 40. Rg6 b5 41. Rg7 a4 42. Rh7 axb3 43. Rxh5 Ba3 44. bxa3 b4 45. Rh4+ 1-0

[Event "Oberliga Ost-B 0405"]
[Site "Germany"]
[Date "2004.10.10"]
[Round "1.8"]
[White "Krug, Norbert"]
[Black "Bunke, Wilfried"]
[Result "1-0"]
[WhiteElo "2221"]
[BlackElo "1921"]
[PlyCount "85"]
[EventDate "2004.10.10"]
[EventType "team-tourn"]
[EventRounds "11"]
[EventCountry "GER"]
[SourceTitle "EXT 2006"]
[Source "ChessBase"]
[SourceDate "2005.11.24"]
[SourceVersion "1"]
[SourceVersionDate "2005.11.24"]
[SourceQuality "1"]
[WhiteTeam "Erfurt SK II"]
[BlackTeam "Jena Glas"]
[WhiteTeamCountry "GER"]
[BlackTeamCountry "GER"]

1. d4 Nf6 2. c4 e6 3. Nf3 d5 4. Nc3 c5 5. e3 Nc6 6. Bd3 Be7 7. 0-0 0-0 8. a3 a6 9. dxc5 Bxc5 10. b4 Bd6 11. Bb2 dxc4 12. Bxc4 e5 13. Ng5 Qe7 14. Qc2 g6 15. Rad1 Bf5 16. Bd3 Bxd3 17. Rxd3 Rad8 18. Nge4 Nxe4 19. Nxe4 Bb8 20. Rxd8 Rxd8 21. f4 f5 22. Nc5 Ba7 23. fxe5 Bxc5 24. bxc5 Qe6 25. Rd1 Rxd1+ 26. Qxd1 Kf7 27. h3 g5 28. Qd3 h6 29. e4 f4 30. Bc3 Kg6 31. Kh2 h5 32. Qd2 Kf7 33. Qb2 Nd8 34. Ba5 Ke8 35. Bxd8 Kxd8 36. Qxb7 Qxe5 37. Qd5+ Qxd5 38. exd5 g4 39. hxg4 hxg4 40. Kg1 Kd7 41. Kf2 a5 42. Ke2 Kc7 43. Kd3 1-0